LEADER 01685nam0 2200349 450 001 000035830 005 20180717103258.0 100 $a20140130d1950----km-y0itaa50------ba 101 0 $aita 102 $aIT 200 1 $aEsperienze sulla concimazione del prato stabile di piano e di monte$fMario Bresaola$gcon presentazione di Aurelio Carrante e prefazione di Ugo Pratolongo 210 $aRoma$cIstituto poligrafico dello Stato$d1950 215 $aVIII, 234 p., [8] carte di tav. ripieg.$d25 cm. 300 $aIn testa al frontespizio: Ministero dell'agricoltura e delle foreste, Stazione sperimentale di praticoltura di Lodi 316 $aIn testa al frontespizio dell'esemplare FVig/T41222: Gioacchino Viaggiani 4-9-51 606 1 $aPascoli$xConcimazione 606 2 $aPrati$xConcimazione 676 $a633.208$v(22. ed.)$9Coltivazione, raccolto, soggetti connessi delle colture foraggere 676 $a631.8$v(22. ed.)$9Concimi, ammendamenti, regolatori di accrescimento 700 1$aBresaola,$bMario$072523 702 1$aCarrante,$bAurelio 702 1$aPratolongo,$bUgo$f<1887-1968> 801 0$aIT$bUniversità della Basilicata - B.I.A.$gREICAT$2unimarc 912 $a000035830 996 $aEsperienze sulla concimazione del prato stabile di piano e di monte$9101971 997 $aUNIBAS CAT $aSTD093$b01$c20140130$lBAS01$h1051 CAT $aTTM$b30$c20140306$lBAS01$h0903 CAT $aATR$b20$c20180529$lBAS01$h1116 CAT $aATR$b20$c20180717$lBAS01$h1032 FMT Z30 -1$lBAS01$LBAS01$mBOOK$1BASA2$APolo Tecnico-Scientifico$2FVIG$BFondo Viggiani$3FVig/41221$641221$5T41221$7Collocato presso la Scuola di Agraria$820140130$f35$FStanza riservata LEADER 01727nam0 2200385 i 450 001 IEI0142585 005 20251003044200.0 010 $a8843015370 020 $aIT$b2001-5699 100 $a20000411d2000 ||||0itac50 ba 101 | $aita 102 $ait 181 1$6z01$ai $bxxxe 182 1$6z01$an 200 1 $aNel segno del voto$eelezioni, rappresentanza e culture politiche nell'Italia liberale$fMaurizio Ridolfi 210 $aRoma$cCarocci$d2000 215 $a175 p.$d22 cm. 225 | $aRicerche$v71 410 0$1001PUV0313719$12001 $aRicerche$v71 676 $a320.945084$9SITUAZIONI E CONDIZIONI POLITICHE. ITALIA, 1861-1900$v21 676 $a324.63$9SISTEMI ELETTORALI$v20 676 $a324.94509$9ELEZIONI. TRATTAMENTO STORICO E GEOGRAFICO. ITALIA. REGNO UNITO, REGIME FASCISTA, REPUBBLICA, 1870-$v19 686 $aIT/0420.0$cPOLITICA E CULTURA ITALIA 1900-1918$2R 686 $aIT/0422.5$cELEZIONI E REFERENDUM ITALIA 1900-1918$2R 686 $aX09.4$cSCIENZE POLITICHE POLITOLOGIA$2R 700 1$aRidolfi$b, Maurizio$3CFIV048816$4070$0118596 790 1$aRidolfi$b, Maurizio$3RMLV252954$zRidolfi, Maurizio 801 3$aIT$bIT-000000$c20000411 850 $aIT-BN0095 901 $bNAP 01$cPOZZO LIB.$nVi sono collocati fondi di economia, periodici di ingegneria e scienze, periodici di economia e statistica e altri fondi comprendenti documenti di economia pervenuti in dono. 912 $aIEI0142585 950 0$aBiblioteca Centralizzata di Ateneo$c1 v.$d 01POZZO LIB.ECON MON 5852$e 0101 0000281605E VMA 1 v.$fB $h20210409$i20210409 977 $a 01 996 $aNel segno del voto$91267158 997 $aUNISANNIO